000 00201nam a22000977a 4500
999 _c16240
_d16240
003 OSt
008 200625b ||||| |||| 00| 0 eng d
100 _aBramstocker
_94640
245 _aDrakula
942 _cBK